Geographical and statistical memoir of the survey of the Travancore and Cochin States (Record no. 19574)

MARC details
000 -LEADER
fixed length control field 00468nam a2200145Ia 4500
003 - CONTROL NUMBER IDENTIFIER
control field IN-BaIIA
008 - FIXED-LENGTH DATA ELEMENTS--GENERAL INFORMATION
fixed length control field 211028s9999 xx 000 0 eng d
040 ## - CATALOGING SOURCE
Transcribing agency IIA Library
100 ## - MAIN ENTRY--PERSONAL NAME
Personal name Lt. Ward
9 (RLIN) 37427
245 #0 - TITLE STATEMENT
Title Geographical and statistical memoir of the survey of the Travancore and Cochin States
Remainder of title vol. 6
Statement of responsibility, etc. Lieutenants Ward and Conner
260 ## - PUBLICATION, DISTRIBUTION, ETC.
Place of publication, distribution, etc. Madras
Name of publisher, distributor, etc. Superintendent Government Printing
Date of publication, distribution, etc. 1863
300 ## - PHYSICAL DESCRIPTION
Extent 143p.
700 ## - ADDED ENTRY--PERSONAL NAME
Personal name Lt. Conner
9 (RLIN) 37428
942 ## - ADDED ENTRY ELEMENTS (KOHA)
Koha item type Books
Holdings
Withdrawn status Lost status Damaged status Not for loan Home library Current library Shelving location Date acquired Total Checkouts Barcode Date last seen Price effective from Koha item type
        IIA Library-Bangalore IIA Library-Bangalore General Stacks     50 05/11/2021   Books

Powered by Koha